Rival hindu kingdoms and sultans: (Record no. 160706)

MARC details
000 -LEADER
fixed length control field 00539nam a22001697a 4500
005 - DATE AND TIME OF LATEST TRANSACTION
control field 20190208122807.0
010 ## - LCCN (DPL NO)
LC control number B-058606
020 ## - INTERNATIONAL STANDARD BOOK NUMBER
International Standard Book Number 8171003672
035 ## - SYSTEM CONTROL NUMBER
System control number B-058606
037 ## - SOURCE OF ACQUISITION
Source of stock number/acquisition Deep & Deep Publications Pvt. Ltd.
082 ## - DEWEY DECIMAL CLASSIFICATION NUMBER
Classification number 954.021
245 ## - TITLE STATEMENT
Title Rival hindu kingdoms and sultans:
Remainder of title fusion of the hindu and muslim civilization /
Statement of responsibility, etc H.S. Bhatia
260 ## - PUBLICATION, DISTRIBUTION, ETC. (IMPRINT)
Place of publication, distribution, etc New 'Delhi
Name of publisher, distributor, etc Deep & Deep Publications Pvt. Ltd.
Date of publication, distribution, etc 2001
300 ## - PHYSICAL DESCRIPTION
Extent 384p.
Dimensions 22cm(hbk)
700 ## - ADDED ENTRY--PERSONAL NAME
Personal name Bhatia, H. S.
942 ## - ADDED ENTRY ELEMENTS (KOHA)
Source of classification or shelving scheme Dewey Decimal Classification
Item type English Books
Classification part 954.021
Call number suffix RIV
Holdings
Withdrawn status Lost status Not for loan Collection code Home library Current library Date acquired Full call number Barcode Koha item type
      Non-fiction Sarojini Nagar Sarojini Nagar 08/02/2019 954.021 RIV B-058606 English Books

© Delhi Public Library
Hit Counter
free hit counter